000 00443nmm a2200157Ia 4500
008 251105s9999||||xx |||||||||||||||||und||
020 _a9789580613466
041 _aspa
100 _aGirón Bermúdez, John Jairo
245 0 _aEl fraude
264 _a[Bogotá, Colombia] :
_bOveja Negra,
_c2016
300 _a141 páginas
650 _aPolitical Science (General)
856 _uhttps://public.digitaliapublishing.com/a/46709
942 _cCF
999 _c94986
_d94986